000 00483nam a2200145 i 4500
001 bg
245 0 0 _aSprzęgła wiroprądowe w układach napędowych.
260 _aWrocław,
_c1974.
490 1 _aPrace Naukowe Instytutu Układów Elektromaszynowych Politechniki Wrocławskiej ;
_vnr 15
830 _aPrace Naukowe Instytutu Układów Elektromaszynowych Politechniki Wrocławskiej ;
040 _cBPK
041 _apol
942 _cKS
008 s pl f |000 0 pol
999 _c26441
_d26441
856 _uhttp://koha.tu.koszalin.pl/cgi-bin/koha/opac-detail.pl?biblionumber=26441
_yKatalog online BPK